Brittany Murphy Movies Quiz Stats

 Plays Quiz Updated Feb 13, 2012

Score 0/37 Timer 08:00
0 Plays Today
Year Movie % Correct
1995Clueless
80.6%
2003Just Married
58.9%
2003Uptown Girls
57.8%
20028 Mile
53.2%
2004Little Black Book
35.4%
1999Girl, Interrupted
32.6%
2006Happy Feet
26.3%
2005Sin City
23.5%
2001Don't Say a Word
22.2%
2001Riding in Cars with Boys
13.6%
1999Drop Dead Gorgeous
8.8%
2001Summer Catch
8.2%
2002Spun
8.2%
2008The Ramen Girl
7.9%
2006The Dead Girl
7.8%
2006Love and Other Disasters
6%
2009Deadline
5.6%
2000Cherry Falls
5.5%
1996Freeway
5.4%
Year Movie % Correct
2009Across the Hall
5.2%
2009Abandoned
5%
1997Bongwater
4.8%
2008Futurama: The Beast with a Billion Backs
4.6%
1997Drive
4.6%
2000Sidewalks of New York
4.6%
2003Good Boy!
4.5%
2006The Groomsmen
4.4%
2000Trixie
4.3%
1993Family Prayers
4.3%
2005Neverwas
4.2%
1998Zack and Reba
4.2%
1998Falling Sky
3.9%
1998The Prophecy II
3.8%
1998Phoenix
3.8%
2000Angels!
3.7%
2000The Audition
3.5%
2002Something in Between
3.5%

You're not logged in!

Compare scores with friends on all Sporcle quizzes.
OR
Log In

Sporcle TV

Today on Sporcle TV


Watch our educational content, quiz creation guides, and fun videos on Sporcle TV.

Show Comments

Extras

Top Quizzes Today


Score Distribution

Your Account Isn't Verified!

In order to create a playlist on Sporcle, you need to verify the email address you used during registration. Go to your Sporcle Settings to finish the process.

Report this User

Report this user for behavior that violates our Community Guidelines.

Details: